书目信息 |
| 题名: |
儿童语言障碍及矫正
|
|
| 作者: | 银春铭 , 于素红 编著 | |
| 分册: | ||
| 出版信息: | 北京 人民教育出版社 2001 |
|
| 页数: | 482页 | |
| 开本: | 21cm | |
| 丛书名: | ||
| 单 册: | ||
| 中图分类: | H018.4 , R767.92 | |
| 科图分类: | ||
| 主题词: | 儿童--语言障碍--矫正 | |
| 电子资源: | ||
| ISBN: | 7-107-14361-1 | |
| 000 | 00815nam0 2200241 450 | |
| 001 | 1571044839 | |
| 005 | 20150128192246.14 | |
| 010 | @a7-107-14361-1@dCNY26.00 | |
| 100 | @a20011109d2001 em y0chiy0110 ea | |
| 101 | 0 | @achi |
| 102 | @aCN@b110000 | |
| 105 | @ay z 000yy | |
| 200 | 1 | @a儿童语言障碍及矫正@9er tong yu yan zhang ai ji jiao zheng@f银春铭,于素红编著 |
| 210 | @a北京@c人民教育出版社@d2001 | |
| 215 | @a482页@d21cm | |
| 330 | @a本书着重介绍儿童中常见的各种语言障碍及矫治方法,以帮助读者重视语言障碍问题,认识各种语言障碍的原因、形式及表现特点,初步了解它们的矫治方法。 | |
| 606 | 0 | @a儿童@x语言障碍@x矫正 |
| 690 | @aH018.4@v5 | |
| 690 | @aR767.92@v5 | |
| 701 | 0 | @a银春铭@9yin chun ming@4编著 |
| 701 | 0 | @a于素红@9yu su hong@4编著 |
| 801 | 0 | @aCN@bTSSF@c20150128 |
| 905 | @aZUCC@dH018.4@eJY1 | |
| 儿童语言障碍及矫正/银春铭,于素红编著.-北京:人民教育出版社,2001 |
| 482页;21cm |
| ISBN 7-107-14361-1:CNY26.00 |
| 本书着重介绍儿童中常见的各种语言障碍及矫治方法,以帮助读者重视语言障碍问题,认识各种语言障碍的原因、形式及表现特点,初步了解它们的矫治方法。 |
| ● |
| 相关链接 |
|
|
|
|
正题名:儿童语言障碍及矫正
索取号:H018.4/JY1
 
预约/预借
| 序号 | 登录号 | 条形码 | 馆藏地/架位号 | 状态 | 备注 |
| 1 | 7845660 | 278456608 | 学院路分馆/ [索取号:H018.4/JY1] | 在馆 | |
| 2 | 7860603 | 278606037 | 学院路分馆/ [索取号:H018.4/JY1] | 在馆 |